Informatizácia spoločnosti
Elektronická verejná správa (eGovernment). Idea eGovernmentu. Operačný program Informatizácia spoločnosti - OPIS schválený slovenskou vládou v septembri 2007 na obdobie rokov 2007-2013. Ciele OPIS. OPIS - Prioritná os I. Súčasný stav v oblasti prioritnej osi I. OPIS - Prioritná os II. Špecifický cie...
Gespeichert in:
| 1. Verfasser: | |
|---|---|
| Format: | Buchkapitel |
| Sprache: | Slowakisch |
| Schlagworte: | |
| Tags: |
Keine Tags, Fügen Sie das erste Tag hinzu!
|
MARC
| LEADER | 00000naa$a2200000$$$4500 | ||
|---|---|---|---|
| 001 | 0101664 | ||
| 005 | 20231120114053.8 | ||
| 041 | 0 | |a slo | |
| 044 | |a SK | ||
| 245 | 1 | 0 | |a Informatizácia spoločnosti |c Dagmar Hrašková |
| 520 | |a Elektronická verejná správa (eGovernment). Idea eGovernmentu. Operačný program Informatizácia spoločnosti - OPIS schválený slovenskou vládou v septembri 2007 na obdobie rokov 2007-2013. Ciele OPIS. OPIS - Prioritná os I. Súčasný stav v oblasti prioritnej osi I. OPIS - Prioritná os II. Špecifický cieľ prioritnej osi II. OPIS - Prioritná os III. | ||
| 610 | 2 | 0 | |a správa verejná elektronická |
| 610 | 2 | 0 | |a elektronizácia |
| 610 | 2 | 0 | |a informatizácia |
| 100 | 1 | |a Hrašková, Dagmar | |